| 000 | 00789nam a2200205Ii 4500 | ||
|---|---|---|---|
| 003 | JO-AjNU | ||
| 008 | 230605s9999||||xx |||||||||||||| ||und|| | ||
| 040 |
_aJO-AjNU _bara _erda _cJO-AjNU |
||
| 041 | _aara | ||
| 050 | 1 | 4 | _aKMM167.N32.1998 |
| 100 | 3 |
_aالنداوي، آدم وهيب, _eauthor _947128 |
|
| 245 | 0 | 0 | _aشرح قانون البينات والاجراء : دراسة مقارنة بين الفقة الاسلامي والتشريع والفقة والقضاء العربي والغربي |
| 250 | _aط1 | ||
| 264 | 3 | 1 | _aعمان : مكتبة دار الثقافة ، 1998 |
| 300 | _a424ص | ||
| 336 |
_atext _btxt _2rdacontent |
||
| 337 |
_aunmediated _bn _2rdamedia |
||
| 338 |
_avolume _bnc _2rdacarrier |
||
| 650 | 4 |
_aاثبات -- قانون -- الاردن _947129 |
|
| 999 |
_aA20551 _c24119 _d24119 |
||